01669nam a2200217Ia 450000500170000000800410001704000440005804100080010208200160011011000580012624501850018426000490036930000520041850002870047050002240075750503880098150600210136965000280139065000200141865100130143820160401150617.0130821s1933 ck frl l 1 spa d aCo-BoUCMbspacSandra YazodSandra Yazo0 aspa04a348.0222202 aColombiabSenadobCongreso Cámara de Representantes00aHistoria de las leyescpublicación ordenada por el Senado de la Republica, bajo la dirección del Secretario ... Odilio VargaspAño de 1925 Tomo IpLegislatura de 1931 Tomo XX aBogotá (Colombia)bImprenta Nacionalc1933 a2 volúmenes (502 ; 391 páginas)c24 x 17 cm aDetalles físicos: Encuadernación rígida en cartón forrada en papel. Lomo en tela con adornos en dorado. Guardas. Anteportada. Portada impresa en una sola tinta. Texto impreso en una sola columna, con varios tipos y tamaños de letra. Papel manchado. Colección incompleta. aEjemplares agrupadas en un solo registro para mantener el orden de la colección. V.20 indica en portada edición ordenada por la Cámara de Representantes y dirigida, concordada y anotada por Horacio Valencia Arango2 aV.1: Introducción ; Antecedentes de la ley 1 – 20: Agua de Dios ; Autorizaciones de gobierno ; Auxilios ; ; Banco de la Republica ; Biblioteca Nacional ; Caminos y carreteras ; Deuda interna y externa ; Ferrocarriles ; Higiene social y asistencia pública ; Limite de Boyacá y Santander ; Resguardos de indígenas ; Tuberculosis -- V.20: Antecedentes de la Ley 28-36 de 1931 aConsulta en sala 7aLegislaciónzColombia 7aLeyeszColombia 4aColombia